| 000 | 00428cam a22001454a 4500 | ||
|---|---|---|---|
| 020 | _a0816043736 (acidfree paper) | ||
| 050 | 0 | 0 |
_aQA76.15 _b.H43 2003 |
| 100 | 1 |
_aHenderson, Harry, _d1951- |
|
| 245 | 1 | 0 |
_aEncyclopedia of computer science and technology / _cHarry Henderson. |
| 260 |
_aNew York, NY : _bFacts On File, _cc2003. |
||
| 300 | _axi, 450 p. : | ||
| 650 | 0 | _vEncyclopedias. | |
| 650 | 0 | _vEncyclopedias. | |
| 942 |
_2lcc _cREF |
||
| 999 |
_c9812 _d9812 |
||